1570 1483 1710 1898 1699 1342 1880 1351 1459 1701 1706 1711 1432 1313 1946 1920 1855 1773 1919 1570 1700 1509 1142 1979 1822 1141 1481 1789 1619 1688 1333 1079 1010 1753 1522 1547 1234 1801 1916 1979 1459 1265 1972 1853 1154 1153 1147 1676 1085 1086 1751 1830 1689 1363 1409 1342 1461 1807 1661 1021 1199 1303 1408 1503 1407 1102 1222 1143 1562 1516 1848 1839 1465 1741 1306 1941 1938 1852 1221 1841 1945 1787 1875 1078 1437 1407 1452 1593 1893 1041 1096 1704 1225 1381 1911 1075 1164 1022 1793 BCNSPRNW ULIB Ver.6.0+V

เปลี่ยนเป็นภาษาไทย

Change to English
 แสดงรายละเอียดบรรณานุกรม
  กลับหน้าหลัก

Brief Record : Get Marc (ISO 2709) : E-mail record : QR code < ปิดหน้าต่าง
LEADER : 00000nam 2200000uu 4500
001    13399115114
003     ULIB
008    120710s2549||||th 000 0 tha d
020    ^a9789749869642
050 04 ^aAG196^bน625W 2549
100 0  ^aนิภาพัชร์ ปิ่นสุวรรณ
245 10 ^aWhen? รู้รอบเหตุการณ์สำคัญของโลก /^cนิภาพัชร์ ปิ่นสุวรรณ
250    ^aพิมพ์ครั้งที่ 1
260    ^aกรุงเทพฯ :^bอักษรเจริญทัศน์,^c2549
300    ^a191 หน้า :^bภาพประกอบ
440  0 ^aหนังสือเสริมการเรียนรู้ ชุด สรรพ์สาระของโลก
650  7 ^aเหตุการณ์ของโลก
650  7 ^aประวัติศาสตร์โลก
945    ^p0^l0^i24861
995    ^aกัณชพร
999    ^aใช้งานได้ทุกระบบ
รายการนี้ยังไม่มีแท็ก
คุณยังไม่ได้ล็อกอิน คุณสามารถมีกิจกรรมร่วมกับเว็บไซต์ได้ แต่ต้องล็อกอินก่อน ::
  ล็อกอิน

รายการสื่อสารสนเทศ

ลำดับที่ ประเภท เลขเรียก/บาร์โค้ด สถานที่ สถานะ
- ไม่พบข้อมูล -

รายการใกล้เคียง
    ผู้แต่ง [นิภาพัชร์ ปิ่นสุวรรณ]

    หัวเรื่อง [เหตุการณ์ของโลก]
    หัวเรื่อง [ประวัติศาสตร์โลก]

BibComment


ยังไม่เคยถูกคอมเมนท์

คอมเมนท์ทรัพยากรรายการนี้
  คอมเมนท์: When รู้รอบเหตุก..

สมาชิกที่บันทึกรายการนี้ไว้ในรายการโปรด
จิรวรรณ พวงสมบัติ

 Copyright 2026. Bcnsprnw @Library